Policy design and price reform in developing countries: (Record no. 6064)
[ view plain ]
| 000 -LEADER | |
|---|---|
| fixed length control field | 00886nac a22002171u 4500 |
| 020 ## - INTERNATIONAL STANDARD BOOK NUMBER | |
| International Standard Book Number | 0745007953 |
| 082 ## - DEWEY DECIMAL CLASSIFICATION NUMBER | |
| Classification number | 338.526091724 |
| Item number | COD |
| 090 ## - LOCALLY ASSIGNED LC-TYPE CALL NUMBER (OCLC); LOCAL CALL NUMBER (OCLC) | |
| -- | 6064 |
| -- | 6064 |
| 100 ## - MAIN ENTRY--PERSONAL NAME | |
| Personal name | Cody, John |
| 245 ## - TITLE STATEMENT | |
| Title | Policy design and price reform in developing countries: |
| Remainder of title | guidelines with special reference to industry/ |
| Statement of responsibility, etc | John Cody, Richard Kitchen, John Weiss. |
| 260 ## - PUBLICATION, DISTRIBUTION, ETC. (IMPRINT) | |
| Place of publication, distribution, etc | New York ; |
| Name of publisher, distributor, etc | London : Harvester Wheatsheaf, 1990 |
| Date of publication, distribution, etc | 1990 |
| 300 ## - PHYSICAL DESCRIPTION | |
| Extent | 170p.; |
| Dimensions | 21 cm. |
| 500 ## - GENERAL NOTE | |
| General note | distributer: Al-Ahram |
| 504 ## - BIBLIOGRAPHY, ETC. NOTE | |
| Bibliography, etc | Bibliography: p160-166. - Includes index |
| 511 ## - PARTICIPANT OR PERFORMER NOTE | |
| Participant or performer note | catalogued by: wessam |
| 650 ## - SUBJECT ADDED ENTRY--TOPICAL TERM | |
| Topical term or geographic name as entry element | Price regulation |
| Geographic subdivision | Developing countries. |
| 700 ## - ADDED ENTRY--PERSONAL NAME | |
| Personal name | Kitchen, R. L. |
| 700 ## - ADDED ENTRY--PERSONAL NAME | |
| Personal name | Weiss, John. |
| 942 ## - ADDED ENTRY ELEMENTS (KOHA) | |
| Item type | Book - Borrowing |
| Call number prefix | 338.526091724 COD |
| Withdrawn status | Item status | Source of classification or shelving scheme | Damaged status | Not for loan | Home library | Current library | Shelving location | Date acquired | Source of acquisition | Total Checkouts | Full call number | Barcode | Date last seen | Date last borrowed | Koha item type |
|---|---|---|---|---|---|---|---|---|---|---|---|---|---|---|---|
| Dewey Decimal Classification | Central Library | Central Library | First floor | 07/11/2012 | Purchase | 1 | 338.526091724 COD | 000007380 | 15/07/2025 | 08/03/2011 | Book - Borrowing |